| 000 | 00618nam a2200145Ia 4500 | ||
|---|---|---|---|
| 001 | 17810 | ||
| 003 | GE_BSU | ||
| 008 | 181216s||||||||xx |||||||||||||| ||und|| | ||
| 040 | _cGE_BSU | ||
| 245 | _aPublic papers of the presidents of the United States Dwight D. Eisenhower. 1956 | ||
| 245 | _bContaining the Public Message, Speeches, and Statements of the President. January 20 to december 31, 1953 | ||
| 653 | _aContaining the Public Message, Speeches, and Statements of the President. January 20 to december 31, 1953 | ||
| 653 | _aPublic papers of the presidents of the United States Jimmy Carter 1980-81. | ||
| 942 | _cBK | ||
| 999 |
_c50855 _d50855 |
||